40 Famous People from Australia - Statistics

General Stats
  • This quiz has been taken 231 times
    29 since last reset
  • The average score is 16 of 40
Answer Stats
Hint Answer % Correct
Actor best known for his role as Wolverine in the X-Men film series Hugh Jackman
89%
Star of the wildlife documentary series The Crocodile Hunter Steve Irwin
85%
Actress who played in I, Tonya and Once Upon a Time in Hollywood Margot Robbie
81%
Singer whose top songs are Chandelier and Cheap Thrills Sia
78%
Actor most famous for his role as the god Thor in the Avengers film series Chris Hemsworth
74%
Actor who was posthumously awarded an Oscar for playing Joker Heath Ledger
74%
Singer and actress whose sister Dannii is also singer Kylie Minogue
74%
Singer and actress who starred in the hit musical film Grease Olivia Newton-John
74%
Second actor to portray fictional British secret agent James Bond George Lazenby
56%
Actress who won an Oscar for playing Virginia Woolf in the drama film The Hours Nicole Kidman
56%
Notorious outlaw and an iconic figure in Australian history, folklore and literature Ned Kelly
52%
Editor-in-chief of the controversial whistle-blowing website Wikileaks Julian Assange
48%
Singer-songwriter, model and actress whose famous song is Torn Natalie Imbruglia
48%
Actor, comedian famous for playing in Crocodile Dundee film series Paul Hogan
48%
Tennis player, after whom the main arena of the Australian Open was named Rod Laver
44%
Actress who won an Oscar for her portrayal of Katharine Hepburn in The Aviator Cate Blanchett
41%
Female sprinter and Indigenous icon who won gold in the 400m at the Sydney 2000 Olympics Cathy Freeman
41%
Singer known as the leader of rock band The Bad Seeds Nick Cave
41%
Filmmaker who directed Romeo+Juliet, Moulin Rouge! and The Great Gatsby Baz Luhrmann
37%
Racing driver who competes in Formula One from 2011 to 2024 Daniel Ricciardo
37%
Model, actor and tv presenter who appeared on several covers of Sports Illustrated Elle Macpherson
37%
Actor who played in movies Shakespeare in Love, Quills and The King's Speech Geoffrey Rush
37%
The first woman in the Open era to win all four tennis majors in the same year Margaret Smith Court
37%
Racing driver who competes in Formula One since 2023 Oscar Piastri
37%
Greatest batsman in the game of Cricket, arguably the greatest cricketer ever Sir Don Bradman
37%
Swimmer who specialized in freestyle and who won five Olympic gold medals Ian Thorpe
33%
Actor who played in Black Hawk Down, Hulk, Troy and Munich Eric Bana
30%
Actress who played in Mulholland Drive, The Ring and King Kong Naomi Watts
30%
Female tennis player who was No.1 and won three Grand Slams Ashleigh Barty
26%
Tennis player and former world No. 1 on the ATP rankings Lleyton Hewitt
26%
Writer whose The Female Eunuch became an international best seller in 1970 Germaine Greer
19%
First Australian Victoria's Secret model Miranda Kerr
15%
Flying pioneer who made the first trans-Pacific flight from America to Australia Sir Charles Kingsford Smith
15%
Basketball guard who played for Oklahoma City Thunder and Chicago Bulls Josh Giddey
11%
The first Australian to play in the NBA and a 3x champion with the Chicago Bulls Luc Longley
11%
Actress who played in House of the Dragon and Supergirl Milly Alcock
11%
Basketball player who was named NBA All-Star in 2019, 2020 and 2021 Ben Simmons
7%
Labour Party Prime Minister who made Australia fully independent from the UK Bob Hawke
7%
Composer of Waltzing Matilda the unofficial anthem of Australia Andrew Banjo Paterson
0%
Prime Minister who promoted immigration and who sent troops to Korea and Vietnam Robert Menzies
0%
No matching quizzes found
Score Distribution
Percent of People with Each Score
Percentile by Number Answered
Your Score History
You have not taken this quiz since the last reset